| 000 | 01979 am a2200217 a 4500 | ||
|---|---|---|---|
| 005 | 20240815112440.0 | ||
| 008 | 100615s1993||||ag # g |||| 000 0 spa d | ||
| 020 | _a9507220372 | ||
| 041 | _aspa | ||
| 092 |
_c880 _l51 _sMAR |
||
| 100 | 1 |
_aMarin, Dolores. _91215 |
|
| 245 |
_aHipócrates. _bAforismos / _cDolores Marín. |
||
| 250 |
_a1a ed. _bSelección, traducciones y prólogo de Dolores Marin. |
||
| 260 |
_aBuenos Aires: _bAndrómeda; _c1993. |
||
| 300 | _a121 p. | ||
| 500 | _aMarin, D. (1993). Hipócrates. Aforismos. (1a ed.). Buenos Aires : Andromeda. | ||
| 505 | _aHipócrates, el padre de la medicina, nació en la isla de Cos alrededor del año 460 C.C., y murió en el 395 A.C. Fue el médico más famoso de la Antigua Grecia, y a él se le atribuyen los numerosos tratados de medicina de la época. Pero su verdadera importancia estriba en el hecho de que, a partir de él, la ciencia médica se desvincula de la concepción religiosa, y de todas las prácticas supersticiosas con las que se ha asociado el proceso de curación o el tratamiento de las enfermedades. Según Hipócrates, la enfermedad era consecuencia de la desproporción o impureza de los cuatro humores fundamentales: sangre, flema, bilis amarilla y bilis negra, que corresponden a los cuatro elementos naturales: aire, tierra, agua y fuego. La acción de los elementos era regida por la vis natural (fuerza de la naturaleza), por la cual el cuerpo enfermo, según su teoría, poseería una tendencia natural a curarse a sí mismo, eliminando y combatiendo la impureza de los humores. El médico simplemente debía observar con atención el curso de la enfermedad, e intervenir en auxilio de la naturaleza en el momento preciso. En los Aforismo que aquí presentamos se resumen, de manera práctica y comprensible, los fundamentos de sus teorías curativas y de observación, que darían origen a la ciencia médica en occidente. | ||
| 653 | _aLiteratura | ||
| 930 | _a1688 | ||
| 942 |
_2ddc _cBK |
||
| 999 |
_c372 _d372 |
||